Normal view
MARC view
Entry Personal Name
001 - CONTROL NUMBER
- control field: 10980
003 - CONTROL NUMBER IDENTIFIER
- control field: dpl
005 - DATE AND TIME OF LATEST TRANSACTION
- control field: 20100811140519.0
008 - FIXED-LENGTH DATA ELEMENTS
- fixed length control field: 100811|||a|||||| | ||| d
040 ## - CATALOGING SOURCE
- Original cataloging agency: dpl
- Transcribing agency: dpl
100 ## - HEADING--PERSONAL NAME
- Personal name: Mukul Deva
670 ## - SOURCE DATA FOUND
- Source citation: Work cat.: (dpl)34889: Mukul Deva , Salim must die /, 2009
670 ## - SOURCE DATA FOUND
- Source citation: Work cat.: (dpl)34889: Mukul Deva , Salim must die /, 2009
